| 000 | 02048 a2200217 4500 | ||
|---|---|---|---|
| 001 | 39772 | ||
| 005 | 20260407155654.0 | ||
| 008 | 260407a1962 arg spa d | ||
| 003 | AR-UNSa-BCEJYS | ||
| 040 |
_aAR-UNSa-BCEJYS _bspa _cAR-UNSa-BCEJYS |
||
| 080 |
_a913(4) _xGeografía de Europa |
||
| 245 | 1 | 0 |
_aGeografía dinámica _pGeneral, Asia y Africa |
| 264 | 1 |
_aBuenos Aires : _bKapelusz _c1962 |
|
| 300 |
_a328 p. _c24 cm. |
||
| 505 | _aGeografía física : 1. La Tierra en el Universo - 2. La orientación - 3. El dia, la noche, la hora - 4. Las estaciones - 5. Las cartas geográficas - 6. Las rocas - 7. La construcción del relieve - 8. Volcanes y temblores de tierra - 9. La destrucción del relieve - 10. Los cursos de agua - 11. Glaciares y lagos - 12. Mares y océanos - 13. Las costas - 14. El clima: temperatura y vientos - 15. Lluvias y clima - La vida en la superficie del globo : 16. Vegetales y animales - 17. Los grandes zonas de vida - 18. Los hombres en los paises cálidos - 19. Ls hombres en los países secos - 20. Los hombres en los países fríos - 21. Los hombres en las regiones templadas - 22. Casas y pueblos de las regiones templadas - 23. Las ciudades - 24. La producción de materias primas - 25. Artesanías e industria - 26. La circulación - Las grandes etapas en el descubrimiento de la Tierra: 27. El hombre en el Universo - 28. El descubrimiento de la Tierra en la Antigüedad y en la edad media - 29. El descubrimeinto de la Tierra entre los siglos XVI y XIX - 30. Las expediciones modernas - Asia: 31. Relieve - 32. Clima y vegetación - 33. Población - 34. Asia occidental - 35. India, Celián y Paquistán - 36. El mundo chino - 38. Japón y Corea - 39. Insulindia - 40. Indochina - Africa: 41. Relieve y Clima - 42. Población - 43. África occidental y central - 44. África austral - 45. África oriental - 46. Egipto, Libia y Sudán | ||
| 942 | _cBK | ||
| 590 | _aniveau_biblio:m niveau_hierar:0 | ||
| 100 | 1 | _aPerpillou, Aime Vincent | |
| 700 | 1 | _aPernet, Lucien | |
| 700 | 1 | _aRampa, Alfredo César | |
| 999 |
_c3105 _d3105 |
||